000 01522nam a2200385 c 4500
003 BLK
005 20180422101722.0
008 180408b bul|||||r ||||||| ||bul||
010 _aKNG00057092000
020 _a954-626-211-0
_bиздат.: Аратрон
040 _aBLK
041 _aBUL
_cBUL
072 7 _2bullib
_aЛ07
_xБиоенерготерапия
080 _aДруги видове терапия. Биоенерготерапия.
_b615.85
_x(035)
_z615.85(035)
100 1 _aЛюбек, Валтер
_eпърви автор
_9284893
700 1 _aПетер, Франк Арджава
_eсъавт.
_9284894
700 1 _aНиколова, Светлана
_eпрев.
_9366308
139 _aЛюбек, Валтер и др.
_bЛ 95
245 1 0 _aРейки
_bНай-добрите практики
_cВалтер Любек; съавт. Франк Арджава Петер; прев. Светлана Николова.
257 _aUSA
260 София
_bАратрон
_c2004
_fСофия : Балкан прес
300 _a319 с.
_bс ил.
_c20 см
380 _a61
500 _aОриг. загл. Reiki - die schonsten Techniken / Walter Lubek, Frank Arjava Petter.
650 4 _aБиоенерготерапия
_9148661
653 _aрейки
653 _aбиоенерготерапия
653 _aнаръчници
659 _aЛ
852 _aЦб 225830
856 4 _qpdf
_u
856 4 _qpdf
_u
942 _cKNG
_n0
944 _aCR
_c12.12.2005
_kИрена_Линкова
944 _aED
_c12.11.2011
_k
999 _c53160
_d53160